000 00801nam a2200229 a 4500
003 AR-BaBNM
005 20251128203711.0
008 082120s2002 ||||||||||||||000 | spa||
040 _cAR-BaBNM
100 1 _aEtchepareborda, Roberto
245 0 0 _aPolítica Luso-Rioplatense
_b1810-1812 fin de las pretensiones de la infanta Carlota Joaquina a la regencia del Río de la Plata y primera invasión portuguesa a la Banda Oriental
260 _aBuenos Aires
_bConcejo Deliberante
_c1961
300 _a77 p.
500 _aContiene apéndice documental p. 57-72
650 4 _aCARLOTISMO
650 4 _aREVOLUCION DE MAYO
650 4 _aMOVIMIENTOS EMANCIPADORES LATINOAMERICANOS
650 4 _aANTECEDENTES DE LA REVOLUCION DE MAYO
650 4 _aHISTORIA POLITICA
942 _cBK
998 _cmariana
999 _c4547
_d4547